| 000 | 00936nam a22001937a 4500 | ||
|---|---|---|---|
| 003 | OSt | ||
| 005 | 20260129074018.0 | ||
| 008 | 260129b |||||||| |||| 00| 0 eng d | ||
| 040 |
_aDWCL GS library _cOC |
||
| 082 | _aFic. B934y 1994 | ||
| 100 | _aBurnett, Frances Hodgson | ||
| 245 | _a the secret garden | ||
| 260 |
_aChicago _ba division of kidsbooks, Inc. _cc1994 |
||
| 300 |
_a184 _billustrations _c24cm |
||
| 520 | _aafter her parents die, young mary lennox chooses to stay out of the company of others. She becomes very unpleasant and has no friends. However, mary's life changes when she does to live with her uncle in the country, where she discovers a wondrous and mysterious garden. This is a memorable story of how a lonely young girl finds her place in the world. | ||
| 546 | _aenglish | ||
| 700 | _aFrances hodgson Burnett | ||
| 942 |
_2ddc _cFIC. _hFic. B934y 1994 _n0 |
||
| 999 |
_c7996 _d7996 |
||